000 00233nam a2200121Ia 4500
100 _aGROVER/ ZIMMER
942 _cBK
366 _f25
245 _aCAD/CAM
260 _bPearson Education
_c2006
300 _a509
546 _aENGLISH
999 _c30249
_d30249